|
|
|
|
| LEADER |
00000nam a2200000 a 4500 |
| 001 |
vtls008620763 |
| 003 |
SK-MaSNL |
| 005 |
20260301021526.0 |
| 008 |
240314s2005 xo l d p 000 0 slo |
| 015 |
|
|
|a SNBA2006/05-02538
|
| 020 |
|
|
|a 8089143261
|q (brož.)
|
| 035 |
|
|
|a 336606EE-2BD1-465A-A642-53FA701CA1B1
|
| 035 |
|
|
|a urn:nbn:sk:snk-aml6pk
|
| 035 |
|
|
|a urn:nbn:sk:snk-am008udo
|
| 040 |
|
|
|a SNK
|b slo
|c SNK
|e AACR2
|
| 041 |
0 |
|
|a slo
|
| 044 |
|
|
|a xo
|c SK
|
| 072 |
|
7 |
|a 35
|x Verejná správa
|2 konspekt
|
| 072 |
|
7 |
|a 336.1/.5
|x Verejné financie
|2 konspekt
|
| 080 |
|
|
|a 35
|2 2001
|
| 080 |
|
|
|a 336.1/.5
|2 2001
|
| 080 |
|
|
|a 336.13
|2 2001
|
| 080 |
|
|
|a (075.8)
|2 2001
|
| 080 |
|
|
|a 334.012.33
|2 2001
|
| 100 |
1 |
|
|a Neubauerová, Erika,
|d 1968-
|4 aut
|9 216222
|
| 245 |
1 |
0 |
|a Nástroje ekonomiky verejného sektora
|c Erika Neubauerová, Kornélia Beličková
|
| 250 |
|
|
|a [1. vyd.]
|
| 260 |
|
|
|a Bratislava
|b Merkury
|c 2005
|
| 300 |
|
|
|a 182 s.
|b sch., tab.
|c 21 cm
|
| 504 |
|
|
|a Bibliogr. s. 182. Slovník najvýznamnejších pojmov
|
| 650 |
0 |
7 |
|a verejný sektor
|2 SNKPH
|9 31777
|
| 650 |
0 |
7 |
|a verejná správa
|2 SNKPH
|9 1538
|
| 650 |
0 |
7 |
|a verejné financie
|2 SNKPH
|9 2204
|
| 650 |
0 |
7 |
|a ekonomika verejného sektora
|2 SNKPH
|9 68084
|
| 655 |
|
7 |
|a učebnice vysokých škôl
|2 SNKPH
|9 70191
|
| 700 |
1 |
|
|a Beličková, Kornélia,
|d 1966-
|4 aut
|9 167185
|
| 919 |
|
|
|a 80-89143-26-1
|
| 958 |
|
|
|a OND
|
| 968 |
|
|
|d 35/354
|
| 999 |
|
|
|c 565486
|d 567416
|
| 952 |
|
|
|a SNK
|b SNK
|y PREZ
|7 0
|p 17A0497655
|o snkSC 122191
|i snk2006/2425
|8 0
|0 0
|1 0
|4 0
|d 2006-02-07
|f 1
|l 0
|r 2025-06-03 00:00:00
|w 2026-02-23
|
| 952 |
|
|
|a SNK
|b SNK
|y VYP
|7 0
|p 17A0497656
|o snkSC 122191 D1
|i snk2006/2426
|8 0
|0 0
|1 0
|4 0
|d 2006-02-07
|l 0
|r 2026-02-23 13:56:19
|w 2026-02-23
|
| 952 |
|
|
|t snkNAS 352
|a SNKUST
|b SNKUST
|y PREZ
|7 0
|p 17A0537160
|o snkSC 122191 D2
|i snk2007/1436
|8 0
|0 0
|1 0
|4 0
|d 2007-01-17
|l 0
|r 2025-03-21 00:00:00
|w 2026-02-23
|